Arsenal Trivia - Statistics

General Stats
  • This quiz has been taken 895 times
  • The average score is 9 of 15
Answer Stats
Hint Answer % Correct
Stadium Emirates
86%
Main Derby Rival Tottenham
86%
Nickname The Gunners
83%
Best Player Ever Thierry Henry
80%
Top Scorer Thierry Henry
80%
Current Manager Arsene Wenger
76%
Kit Manufacturer Nike
76%
Old Stadium Highbury
72%
Legendary CB Tony Adams
68%
Founded 1886
62%
Nickname of the 2004/2005 Squad The Invincibles
57%
First Division Titles 13
49%
Traitor Robin Van Persie
39%
Most Appearances David O'Leary
28%
Record Transfer Sylvain Wiltord
4%
No matching quizzes found
Score Distribution
Percent of People with Each Score
Percentile by Number Answered
Your Score History
You have not taken this quiz